<?xml version="1.0" encoding="UTF-8"?>
<collection xmlns="http://www.loc.gov/MARC21/slim">
 <record>
  <leader>01736nas a22003011  4500</leader>
  <controlfield tag="001">1/50542</controlfield>
  <controlfield tag="008">131112c19759999xxkbr1p       0   a0eng d</controlfield>
  <datafield tag="022" ind1=" " ind2=" ">
   <subfield code="a">0099-1333</subfield>
  </datafield>
  <datafield tag="035" ind1=" " ind2=" ">
   <subfield code="l">46983</subfield>
  </datafield>
  <datafield tag="040" ind1=" " ind2=" ">
   <subfield code="a">DLC</subfield>
   <subfield code="b">GR-PeUP</subfield>
  </datafield>
  <datafield tag="090" ind1=" " ind2=" ">
   <subfield code="a">Αλφαβητική σειρά</subfield>
  </datafield>
  <datafield tag="245" ind1="0" ind2="0">
   <subfield code="a">Journal of Academic Librarianship.</subfield>
  </datafield>
  <datafield tag="260" ind1=" " ind2=" ">
   <subfield code="a">United Kingdom :</subfield>
   <subfield code="b">Pergamon,</subfield>
   <subfield code="c">1975-</subfield>
  </datafield>
  <datafield tag="300" ind1=" " ind2=" ">
   <subfield code="a">v. ;</subfield>
   <subfield code="c">22 cm.</subfield>
  </datafield>
  <datafield tag="310" ind1=" " ind2=" ">
   <subfield code="a">Bi-monthly .</subfield>
  </datafield>
  <datafield tag="362" ind1="0" ind2=" ">
   <subfield code="a">Vol. 39, no. 1(2013) -</subfield>
  </datafield>
  <datafield tag="546" ind1=" " ind2=" ">
   <subfield code="a">English.</subfield>
  </datafield>
  <datafield tag="650" ind1=" " ind2="4">
   <subfield code="a">Library and information science</subfield>
   <subfield code="v">Periodicals.</subfield>
  </datafield>
  <datafield tag="852" ind1=" " ind2=" ">
   <subfield code="a">INST</subfield>
   <subfield code="b">UNIPILB</subfield>
   <subfield code="c">SERIALS</subfield>
   <subfield code="e">20131112</subfield>
   <subfield code="h">Αλφαβητική σειρά</subfield>
   <subfield code="p">81309</subfield>
   <subfield code="q">81309</subfield>
   <subfield code="t">NOLOAN</subfield>
   <subfield code="v">vol.39;no.5:(Μήνας)September;(Έτος)2013</subfield>
   <subfield code="y">23</subfield>
  </datafield>
  <datafield tag="852" ind1=" " ind2=" ">
   <subfield code="a">INST</subfield>
   <subfield code="b">UNIPILB</subfield>
   <subfield code="c">SERIALS</subfield>
   <subfield code="e">20131205</subfield>
   <subfield code="h">Αλφαβητική σειρά</subfield>
   <subfield code="p">81617</subfield>
   <subfield code="q">81617</subfield>
   <subfield code="t">NOLOAN</subfield>
   <subfield code="v">vol.39;no.1:(Μήνας)January;(Έτος)2013</subfield>
   <subfield code="y">23</subfield>
  </datafield>
  <datafield tag="852" ind1=" " ind2=" ">
   <subfield code="a">INST</subfield>
   <subfield code="b">UNIPILB</subfield>
   <subfield code="c">SERIALS</subfield>
   <subfield code="e">20131205</subfield>
   <subfield code="h">Αλφαβητική σειρά</subfield>
   <subfield code="p">81618</subfield>
   <subfield code="q">81618</subfield>
   <subfield code="t">NOLOAN</subfield>
   <subfield code="v">vol.39;no.2:(Μήνας)March;(Έτος)2013</subfield>
   <subfield code="y">23</subfield>
  </datafield>
  <datafield tag="852" ind1=" " ind2=" ">
   <subfield code="a">INST</subfield>
   <subfield code="b">UNIPILB</subfield>
   <subfield code="c">SERIALS</subfield>
   <subfield code="e">20131205</subfield>
   <subfield code="h">Αλφαβητική σειρά</subfield>
   <subfield code="p">81619</subfield>
   <subfield code="q">81619</subfield>
   <subfield code="t">NOLOAN</subfield>
   <subfield code="v">vol.39;no.3:(Μήνας)May;(Έτος)2013</subfield>
   <subfield code="y">23</subfield>
  </datafield>
  <datafield tag="852" ind1=" " ind2=" ">
   <subfield code="a">INST</subfield>
   <subfield code="b">UNIPILB</subfield>
   <subfield code="c">SERIALS</subfield>
   <subfield code="e">20131205</subfield>
   <subfield code="h">Αλφαβητική σειρά</subfield>
   <subfield code="p">81620</subfield>
   <subfield code="q">81620</subfield>
   <subfield code="t">NOLOAN</subfield>
   <subfield code="v">vol.39;no.4:(Μήνας)July;(Έτος)2013</subfield>
   <subfield code="y">23</subfield>
  </datafield>
  <datafield tag="852" ind1=" " ind2=" ">
   <subfield code="a">INST</subfield>
   <subfield code="b">UNIPILB</subfield>
   <subfield code="c">SERIALS</subfield>
   <subfield code="e">20140110</subfield>
   <subfield code="h">Αλφαβητική σειρά</subfield>
   <subfield code="p">81817</subfield>
   <subfield code="q">81817</subfield>
   <subfield code="t">NOLOAN</subfield>
   <subfield code="v">vol.39;no.6:(Μήνας)November;(Έτος)2013</subfield>
   <subfield code="y">23</subfield>
  </datafield>
  <datafield tag="856" ind1="4" ind2="1">
   <subfield code="u">http://www.journals.elsevier.com/the-journal-of-academic-librarianship</subfield>
  </datafield>
  <datafield tag="900" ind1=" " ind2=" ">
   <subfield code="a">Vol. 40 no. 1 (January 2014)</subfield>
   <subfield code="b">Οφειλόμενο</subfield>
   <subfield code="c">13/06/2017</subfield>
  </datafield>
  <datafield tag="950" ind1=" " ind2=" ">
   <subfield code="a">01/01/2013</subfield>
   <subfield code="c">EBSCO</subfield>
   <subfield code="d">938</subfield>
  </datafield>
  <datafield tag="951" ind1=" " ind2=" ">
   <subfield code="a">Vol. 39 no. 1 (January 2013) - Vol. 39 no. 6 (November 2013)</subfield>
   <subfield code="b">Main run</subfield>
  </datafield>
 </record>
</collection>
